[Event "I Torneo internazionale A"]
[Site "Alghero ITA"]
[Date "2011.08.30"]
[Round "5"]
[White "Sprenger, Jan Michael"]
[Black "Collutiis, Duilio"]
[Result "1-0"]
[WhiteElo "2515"]
[BlackElo "2468"]
[PlyCount "131"]
[EventDate "2011.08.26"]

1. e4 e5 2. Nf3 Nc6 3. Bb5 a6 4. Bxc6 dxc6 5. d3 f6 6. h3 c5 7. a4 Ne7 8. Na3
Be6 9. b3 Nc6 10. Nc4 Qd7 11. Nh2 O-O-O 12. Bb2 h5 13. Nf1 g6 14. Nfe3 Bg7 15.
O-O f5 16. exf5 gxf5 17. f4 exf4 18. Bxg7 Qxg7 19. Rxf4 Ne7 20. Qf1 Rdf8 21.
Re1 Qf6 22. Nd2 Ng6 23. Rf2 f4 24. Nec4 Bd5 25. Ne4 Qg7 26. Ncd2 Nh4 27. Ree2
Rhg8 28. Kh1 Bxe4 29. dxe4 c4 30. bxc4 Qc3 31. Rxf4 Ng6 32. Rxf8+ Rxf8 33. Rf2
Rd8 34. Nb3 Qe3 35. Rf6 Qg3 36. a5 Kb8 37. c5 c6 38. Rf3 Qg5 39. Qe1 h4 40. Rf5
Qe7 41. Nd2 Rd4 42. Qe3 Qd8 43. Rf2 Ka7 44. Re2 Ne5 45. Nb3 Rd1+ 46. Re1 Rd7
47. Qc3 Qf6 48. Qe3 Qf7 49. Qe2 Qf4 50. Rf1 Qg3 51. Qe1 Qg5 52. Rf5 Qe7 53. Qe2
Ng6 54. Qg4 Rd8 55. Kh2 Qc7+ 56. Kg1 Qg7 57. e5 Qh6 58. Qg5 Rd1+ 59. Kh2 Qh7
60. Qh5 Qxh5 61. Rxh5 Re1 62. Rh6 Nxe5 63. Rxh4 Re2 64. Nd4 Rd2 65. Rf4 Nc4 66.
Nxc6+ 1-0

[Event "I Torneo internazionale A"]
[Site "Alghero ITA"]
[Date "2011.08.30"]
[Round "5"]
[White "Valsecchi, Alessio"]
[Black "Braga, Fernando Alberto"]
[Result "1-0"]
[WhiteElo "2354"]
[BlackElo "2447"]
[PlyCount "63"]
[EventDate "2011.08.26"]

1. d4 Nf6 2. Nf3 d6 3. Nc3 Bf5 4. Bg5 c6 5. Qd2 Nbd7 6. Nh4 Bg6 7. Nxg6 hxg6 8.
e4 e6 9. f4 Qa5 10. O-O-O d5 11. f5 gxf5 12. exf5 O-O-O 13. fxe6 fxe6 14. Re1
Bb4 15. a3 Bxc3 16. Qxc3 Qxc3 17. bxc3 Rde8 18. Bd3 e5 19. dxe5 Nxe5 20. h4
Nxd3+ 21. cxd3 Kd7 22. Kd2 c5 23. Bxf6 Rxe1 24. Kxe1 gxf6 25. Kf2 Ke6 26. a4
Kf5 27. Kf3 Kg6 28. g4 f5 29. g5 c4 30. dxc4 dxc4 31. Kf4 b6 32. h5+ 1-0

[Event "I Torneo internazionale A"]
[Site "Alghero ITA"]
[Date "2011.08.30"]
[Round "5"]
[White "Guramishvili, Sopiko"]
[Black "Muhren, Bianca"]
[Result "0-1"]
[WhiteElo "2329"]
[BlackElo "2307"]
[PlyCount "86"]
[EventDate "2011.08.26"]

1. Nf3 d5 2. e3 Nf6 3. d4 e6 4. Bd3 Bd6 5. O-O O-O 6. b3 b6 7. Bb2 Bb7 8. c4 c5
9. cxd5 Nxd5 10. dxc5 Bxc5 11. a3 Nd7 12. Nbd2 Be7 13. Qb1 h6 14. e4 Nf4 15.
Bc4 Nc5 16. Rd1 Ncd3 17. b4 Rc8 18. Bd4 Rxc4 19. Nxc4 Bxe4 20. Ncd2 Bg6 21. Nb3
Ne2+ 22. Kf1 Nxd4 23. Nbxd4 Nxf2 24. Nxe6 Nxd1 25. Nxd8 Bxb1 26. Nc6 Bd3+ 27.
Kg1 Bf6 28. Rxd1 Bc2 29. Rc1 Be4 30. Nxa7 Bb2 31. Re1 f5 32. Nb5 Ra8 33. Re3 g5
34. Rb3 Bf6 35. Nd2 Bc6 36. Nc3 Rd8 37. Ncb1 Ba4 38. Rf3 Bc2 39. Rf1 f4 40. Rc1
Bf5 41. h3 Bd4+ 42. Kf1 Bd3+ 43. Ke1 Re8+ 0-1

[Event "I Torneo internazionale A"]
[Site "Alghero ITA"]
[Date "2011.08.30"]
[Round "5"]
[White "Sgnaolin, Davide"]
[Black "Ori, Marco"]
[Result "0-1"]
[WhiteElo "2248"]
[BlackElo "2130"]
[PlyCount "80"]
[EventDate "2011.08.26"]

1. e4 c6 2. d4 d5 3. Nd2 dxe4 4. Nxe4 Nd7 5. Nf3 Ngf6 6. Ng3 e6 7. Bd3 c5 8.
O-O cxd4 9. Nxd4 Bc5 10. Nb3 Be7 11. Qe2 O-O 12. Ne4 Qc7 13. Bg5 Re8 14. Bh4
Nxe4 15. Qxe4 g6 16. Rae1 Bxh4 17. Qxh4 Nf8 18. Nd2 Qe7 19. Qg3 Bd7 20. Ne4 Bc6
21. Nd6 Red8 22. Nf5 Qf6 23. Nh6+ Kg7 24. Ng4 Qxb2 25. Re5 Rd5 26. f4 Nd7 27.
Rxd5 Bxd5 28. Qh4 Qd4+ 29. Kh1 h5 30. Nf2 Nf6 31. Qg3 Bc4 32. Qf3 Bd5 33. Qg3
Bxa2 34. f5 exf5 35. Bxf5 Re8 36. Bd3 Bd5 37. Nh3 Re3 38. Qf2 Ng4 39. Qh4 Rxd3
40. cxd3 Bxg2+ 0-1

[Event "I Torneo internazionale A"]
[Site "Alghero ITA"]
[Date "2011.08.31"]
[Round "6"]
[White "Rombaldoni, Axel"]
[Black "Kogan, Artur"]
[Result "1/2-1/2"]
[WhiteElo "2459"]
[BlackElo "2548"]
[PlyCount "99"]
[EventDate "2011.08.26"]

1. e4 c6 2. d4 d5 3. e5 Bf5 4. Nd2 e6 5. Nb3 c5 6. dxc5 Bxc5 7. Nxc5 Qa5+ 8. c3
Qxc5 9. Nf3 Ne7 10. Qa4+ Nd7 11. c4 d4 12. b3 Qc6 13. Qxc6 Nxc6 14. Bb2 d3 15.
Nh4 Nc5 16. Nxf5 exf5 17. O-O-O Ne4 18. Rg1 d2+ 19. Kb1 O-O-O 20. Be2 Nxf2 21.
Rdf1 Ng4 22. Bxg4 fxg4 23. Kc2 Nb4+ 24. Kd1 Rd7 25. Rf5 Rhd8 26. Ba3 g6 27.
Rff1 a5 28. Bxb4 axb4 29. Rf2 Re8 30. Re2 Re6 31. Rf1 Kd8 32. Rxd2 Rxd2+ 33.
Kxd2 Ke7 34. Rf4 Ra6 35. Rxg4 Rxa2+ 36. Kd3 Rb2 37. c5 Rxb3+ 38. Kc4 Rb1 39.
Kd5 Rd1+ 40. Kc4 Ke6 41. Kb5 b3 42. Rb4 Rb1 43. Kb6 b2 44. Rb5 h5 45. h4 Ke7
46. Rb3 Kd7 47. Rb4 Ke6 48. Rb5 Kf5 49. Kc7 Ke4 50. Rxb7 1/2-1/2

[Event "I Torneo internazionale A"]
[Site "Alghero ITA"]
[Date "2011.08.31"]
[Round "6"]
[White "Sprenger, Jan Michael"]
[Black "Avrukh, Boris"]
[Result "1/2-1/2"]
[WhiteElo "2515"]
[BlackElo "2600"]
[PlyCount "89"]
[EventDate "2011.08.26"]

1. e4 c5 2. Nf3 Nc6 3. d4 cxd4 4. Nxd4 Nf6 5. Nc3 d6 6. g3 g6 7. Nde2 Bg7 8.
Bg2 O-O 9. O-O Rb8 10. a4 b6 11. Nd5 Nd7 12. c3 Ba6 13. Re1 e6 14. Nb4 Nxb4 15.
cxb4 Qf6 16. Nc3 Ne5 17. b5 Bb7 18. a5 Rfd8 19. a6 Ba8 20. h4 h6 21. Qe2 Rbc8
22. Rd1 Qe7 23. h5 g5 24. Be3 Rc7 25. Bd4 Rdc8 26. Ra4 Nc4 27. Bxg7 Kxg7 28.
Rd4 Na5 29. Rd1 Qf6 30. Rad4 Nc4 31. R4d3 Rc5 32. Rd4 Qe5 33. Na4 R5c7 34. Nc3
Nxb2 35. Qxb2 Rxc3 36. Rxd6 Bxe4 37. Qe2 R8c4 38. Rc6 Rc2 39. Qe3 Qf5 40. Rxc4
Rxc4 41. Rd4 Bxg2 42. Rxc4 Qh3 43. Qc3+ Kh7 44. Qd3+ Kg7 45. Qc3+ 1/2-1/2

[Event "I Torneo internazionale A"]
[Site "Alghero ITA"]
[Date "2011.08.31"]
[Round "6"]
[White "Vocaturo, Daniele"]
[Black "Rombaldoni, Denis"]
[Result "1-0"]
[WhiteElo "2537"]
[BlackElo "2495"]
[PlyCount "87"]
[EventDate "2011.08.26"]

1. e4 c5 2. Nc3 e6 3. f4 d5 4. Nf3 dxe4 5. Nxe4 Nc6 6. Bb5 Bd7 7. Qe2 Nh6 8. b3
Nf5 9. Bb2 Be7 10. Ne5 Nfd4 11. Bxc6 Bxc6 12. Nxc6 bxc6 13. Qd3 Qd5 14. O-O O-O
15. Rae1 Rfd8 16. c3 Nf5 17. Qa6 Qd3 18. Qxd3 Rxd3 19. Kf2 a5 20. Ke2 Rd5 21.
Kd1 a4 22. Kc2 h5 23. g3 Rdd8 24. d3 Ra7 25. h3 Nh6 26. Rf3 Rb8 27. Nd2 g5 28.
fxg5 Bxg5 29. Nc4 Be7 30. Ne5 Rb6 31. g4 hxg4 32. hxg4 Kg7 33. c4 f6 34. g5
axb3+ 35. axb3 Nf5 36. Ng4 Kf7 37. gxf6 Bd6 38. Rh3 Ra2 39. Nh6+ Nxh6 40. Rxh6
e5 41. Rg1 Bf8 42. Rh7+ Kxf6 43. Rf1+ Kg6 44. Rh2 1-0

[Event "I Torneo internazionale A"]
[Site "Alghero ITA"]
[Date "2011.08.31"]
[Round "6"]
[White "Ori, Marco"]
[Black "Collutiis, Duilio"]
[Result "0-1"]
[WhiteElo "2130"]
[BlackElo "2468"]
[PlyCount "78"]
[EventDate "2011.08.26"]

1. e4 e5 2. Bc4 Nf6 3. d3 Nc6 4. Nc3 Na5 5. Nf3 Nxc4 6. dxc4 Bb4 7. Bd2 d6 8.
Qe2 O-O 9. a3 Bxc3 10. Bxc3 Nd7 11. O-O Nc5 12. b3 a5 13. Nd2 Qg5 14. f3 Ne6
15. Qf2 f5 16. Kh1 b6 17. exf5 Qxf5 18. Ne4 Bb7 19. Ng3 Qg6 20. Qe3 Qxc2 21.
Rab1 Nf4 22. Bd2 h5 23. Rbc1 Qg6 24. Qg1 Nd3 25. Rcd1 h4 26. Ne2 h3 27. Nc3 a4
28. b4 Nb2 29. Rde1 Nxc4 30. Bc1 Qd3 31. Ne4 Rf5 32. Qf2 Raf8 33. Qe2 Qxe2 34.
Rxe2 Bxe4 35. Rxe4 d5 36. Rh4 hxg2+ 37. Kxg2 e4 38. f4 d4 39. Rd1 c5 0-1

[Event "I Torneo internazionale A"]
[Site "Alghero ITA"]
[Date "2011.08.31"]
[Round "6"]
[White "Braga, Fernando Alberto"]
[Black "Bonafede, Alessandro"]
[Result "1-0"]
[WhiteElo "2447"]
[BlackElo "2364"]
[PlyCount "71"]
[EventDate "2011.08.26"]

1. Nf3 f5 2. c4 Nf6 3. g3 g6 4. Bg2 Bg7 5. O-O O-O 6. Nc3 d6 7. d3 Nc6 8. Rb1
Nh5 9. Bd2 f4 10. b4 Bg4 11. b5 Nd4 12. e3 Ne6 13. Ne4 Nc5 14. exf4 e5 15. h3
Bf5 16. Nxc5 dxc5 17. Nxe5 Bxe5 18. fxe5 Bxd3 19. Bd5+ Kh8 20. Bh6 Bxf1 21.
Bxf8 Bxc4 22. Bxc4 Qxf8 23. Qd5 Qf5 24. Rf1 Qxh3 25. Qxb7 Re8 26. Re1 Qg4 27.
Qc6 Rf8 28. Qxc5 Rf3 29. Qd5 Rxg3+ 30. fxg3 Qxg3+ 31. Kf1 Qh3+ 32. Qg2 Qf5+ 33.
Kg1 Nf4 34. Qg3 Nh5 35. Qh4 Nf4 36. Qf6+ 1-0

[Event "I Torneo internazionale A"]
[Site "Alghero ITA"]
[Date "2011.08.31"]
[Round "6"]
[White "Villegas, Pierre"]
[Black "De Jong, Jan-Willem"]
[Result "1/2-1/2"]
[WhiteElo "2255"]
[BlackElo "2424"]
[PlyCount "105"]
[EventDate "2011.08.26"]

1. d4 Nf6 2. Nf3 g6 3. Nbd2 d5 4. b4 Bg7 5. e3 O-O 6. Bb2 c6 7. c4 Bf5 8. Be2
Nbd7 9. O-O Re8 10. cxd5 cxd5 11. Rc1 a5 12. b5 a4 13. Nh4 Be6 14. Qc2 Bg4 15.
Nhf3 a3 16. Bc3 b6 17. h3 Bxf3 18. Nxf3 e6 19. Qb3 Bf8 20. Bb4 Bxb4 21. Qxb4
Qe7 22. Qb3 Ra7 23. Rc6 Nb8 24. Rc2 Rc7 25. Rfc1 Rec8 26. Rxc7 Rxc7 27. Rxc7
Qxc7 28. Qxa3 Nbd7 29. Bd3 Kg7 30. Qb2 Qa7 31. Kf1 Qa4 32. Ke2 Ne8 33. Nd2 Nef6
34. Qb3 Qa7 35. a4 e5 36. dxe5 Nxe5 37. Qb4 Ned7 38. Nb3 Qc7 39. a5 bxa5 40.
Qxa5 Qh2 41. g3 Qxh3 42. Qb4 Qe6 43. Qd4 h5 44. Qf4 Qg4+ 45. Qxg4 Nxg4 46. e4
dxe4 47. Bxe4 Kf6 48. f4 Ke6 49. Bf3 Ngf6 50. Kd3 Ne8 51. Bc6 Nd6 52. Nd4+ Ke7
53. Bd5 1/2-1/2

[Event "I Torneo internazionale A"]
[Site "Alghero ITA"]
[Date "2011.08.31"]
[Round "6"]
[White "Piscopo, Pierluigi"]
[Black "Paikidze, Nazi"]
[Result "0-1"]
[WhiteElo "2397"]
[BlackElo "2416"]
[PlyCount "104"]
[EventDate "2011.08.26"]

1. e4 c5 2. Nc3 d6 3. d4 cxd4 4. Qxd4 Nc6 5. Bb5 Bd7 6. Bxc6 Bxc6 7. Nge2 Nf6
8. Bg5 Qa5 9. Qd2 e6 10. Nd4 Be7 11. h4 h6 12. Be3 Ng4 13. O-O-O Nxe3 14. Qxe3
Rc8 15. Kb1 Bd7 16. g4 b5 17. g5 b4 18. Nce2 Qc5 19. Qd3 hxg5 20. hxg5 Rxh1 21.
Rxh1 Bxg5 22. f4 Bf6 23. f5 e5 24. Nb3 Qb6 25. Ng3 Ke7 26. Rd1 Bb5 27. Qd2 a5
28. Nxa5 Ra8 29. Nb3 Bc4 30. Nc1 Rh8 31. Nf1 Rh4 32. Qg2 Bxf1 33. Rxf1 Qe3 34.
Nd3 Qxe4 35. Qd2 Qd4 36. c3 bxc3 37. bxc3 Qc4 38. Rd1 Qe4 39. Kb2 Qd5 40. Qf2
Ra4 41. Kb1 e4 42. Qc2 Ra5 43. Nb4 Qc4 44. Qd2 Be5 45. Nd5+ Kf8 46. f6 Rb5+ 47.
Nb4 Qxc3 48. fxg7+ Kg8 49. Qxc3 Bxc3 50. a3 Bxb4 51. axb4 Rxb4+ 52. Kc2 Rc4+
0-1

[Event "I Torneo internazionale A"]
[Site "Alghero ITA"]
[Date "2011.09.01"]
[Round "7"]
[White "Avrukh, Boris"]
[Black "Rombaldoni, Axel"]
[Result "1-0"]
[WhiteElo "2600"]
[BlackElo "2459"]
[PlyCount "43"]
[EventDate "2011.08.26"]

1. d4 Nf6 2. c4 g6 3. Nc3 d5 4. Nf3 Bg7 5. Qa4+ Bd7 6. Qb3 dxc4 7. Qxc4 O-O 8.
Bf4 Na6 9. e4 c5 10. e5 Nh5 11. Be3 cxd4 12. Qxd4 Bc6 13. Be2 Qa5 14. O-O f6
15. Qc4+ Kh8 16. Nd4 Rac8 17. Nxc6 Rxc6 18. Qb5 Qc7 19. Nd5 Qxe5 20. Qxb7 Rd6
21. Rad1 e6 22. Nc3 1-0

[Event "I Torneo internazionale A"]
[Site "Alghero ITA"]
[Date "2011.09.01"]
[Round "7"]
[White "Brunello, Sabino"]
[Black "Braga, Fernando Alberto"]
[Result "1-0"]
[WhiteElo "2552"]
[BlackElo "2447"]
[PlyCount "79"]
[EventDate "2011.08.26"]

1. d4 Nf6 2. c4 g6 3. Nc3 Bg7 4. e4 d6 5. h3 O-O 6. Nf3 e5 7. d5 c5 8. dxc6
bxc6 9. c5 d5 10. Bg5 Qa5 11. Bxf6 Bxf6 12. exd5 e4 13. Nd2 cxd5 14. Nxd5 Bxb2
15. Rb1 Bg7 16. Rb5 Qd8 17. Bc4 Ba6 18. Rb1 Qa5 19. O-O Bxc4 20. Nxc4 Qxc5 21.
Nce3 Qa5 22. Nc4 Qd8 23. Rb7 Nc6 24. Rd7 Qh4 25. Qa4 Nd4 26. Nce3 Kh8 27. Rxa7
Rxa7 28. Qxa7 Ne2+ 29. Kh1 f5 30. Qa6 Nd4 31. Qd6 f4 32. Ng4 e3 33. Nxf4 exf2
34. Rxf2 Nf5 35. Qc7 Bd4 36. Ne6 Bxf2 37. Nxf8 Bd4 38. Kh2 Kg8 39. Ne6 Ba1 40.
g3 1-0

[Event "I Torneo internazionale A"]
[Site "Alghero ITA"]
[Date "2011.09.01"]
[Round "7"]
[White "Collutiis, Duilio"]
[Black "Valsecchi, Alessio"]
[Result "1-0"]
[WhiteElo "2468"]
[BlackElo "2354"]
[PlyCount "79"]
[EventDate "2011.08.26"]

1. c4 e5 2. g3 Nc6 3. Nc3 f5 4. Nf3 Nf6 5. d4 e4 6. Nh4 d5 7. Bg5 Be7 8. e3 O-O
9. Bxf6 Bxf6 10. Ng2 Ne7 11. Nf4 c5 12. Ncxd5 Nxd5 13. Nxd5 cxd4 14. Nxf6+ Rxf6
15. Qxd4 Rd6 16. Qc3 Be6 17. Be2 Qc7 18. O-O Rad8 19. Rfd1 a5 20. Rd4 Rc6 21.
Rxd8+ Qxd8 22. Rd1 Qc7 23. b3 b5 24. Rd4 h6 25. Qd2 bxc4 26. Bxc4 Kh7 27. Bxe6
Rxe6 28. Rd5 Re5 29. Rd7 Qc5 30. Kg2 Qc6 31. Qd4 Qc5 32. a4 Kg6 33. h4 Qxd4 34.
exd4 Re6 35. Rd5 e3 36. Kf1 exf2 37. Kxf2 Ra6 38. Kf3 Kf6 39. h5 Rc6 40. Kf4
1-0

[Event "I Torneo internazionale A"]
[Site "Alghero ITA"]
[Date "2011.09.01"]
[Round "7"]
[White "Paikidze, Nazi"]
[Black "Guramishvili, Sopiko"]
[Result "1-0"]
[WhiteElo "2416"]
[BlackElo "2329"]
[PlyCount "99"]
[EventDate "2011.08.26"]

1. e4 e5 2. Nf3 Nc6 3. Bb5 Nd4 4. Ba4 Nxf3+ 5. Qxf3 Qf6 6. Qe2 Bc5 7. d3 Ne7 8.
Nc3 c6 9. Be3 Bd4 10. O-O O-O 11. Qd2 d6 12. Bb3 h6 13. Bxd4 exd4 14. Ne2 a5
15. a4 Be6 16. Bxe6 fxe6 17. f4 c5 18. Ng3 Qh4 19. Rf3 Nc6 20. Raf1 Rae8 21.
Qf2 Rf7 22. f5 Ne5 23. Rf4 Qg5 24. h4 Qd8 25. Nh5 exf5 26. Rxf5 Rxf5 27. exf5
Rf8 28. Qg3 Qc7 29. f6 g6 30. f7+ Rxf7 31. Nf6+ Kf8 32. Qf4 Qc6 33. Qxh6+ Ke7
34. Qg5 Ke6 35. h5 gxh5 36. Qh6 Ke7 37. Ng8+ Kd7 38. Rxf7+ Nxf7 39. Qxh5 Ne5
40. Qh7+ Kd8 41. Qe7+ Kc8 42. Qxe5 dxe5 43. Ne7+ Kd7 44. Nxc6 Kxc6 45. Kf2 e4
46. dxe4 c4 47. g4 Kd6 48. Ke2 b5 49. axb5 a4 50. Kd2 1-0

[Event "I Torneo internazionale A"]
[Site "Alghero ITA"]
[Date "2011.09.01"]
[Round "7"]
[White "Rombaldoni, Denis"]
[Black "Villegas, Pierre"]
[Result "1-0"]
[WhiteElo "2495"]
[BlackElo "2255"]
[PlyCount "99"]
[EventDate "2011.08.26"]

1. Nf3 Nf6 2. g3 d5 3. Bg2 g6 4. b3 Bg7 5. Bb2 O-O 6. c4 e6 7. O-O b6 8. cxd5
exd5 9. Nc3 Bb7 10. d4 Nbd7 11. Rc1 a6 12. Ne5 Re8 13. Nd3 Nf8 14. e3 Ne6 15.
b4 Bf8 16. a4 a5 17. b5 Ne4 18. Nxe4 dxe4 19. Ne5 Bd5 20. Qc2 f5 21. Rfd1 Rc8
22. Bf1 Qd6 23. Ra1 Ng5 24. Bc4 Red8 25. h4 Nf7 26. Nxf7 Kxf7 27. Ba3 Qe6 28.
Bxd5 Rxd5 29. Bxf8 Kxf8 30. Rdc1 f4 31. exf4 Rxd4 32. Ra3 Qd5 33. Re3 Kf7 34.
Rc3 Kf8 35. Re1 Re8 36. Qc1 Rd2 37. Rce3 Re7 38. Qc3 Kg8 39. Qf6 Rf7 40. Qg5
Qxg5 41. hxg5 c6 42. bxc6 Rc2 43. Rxe4 Rxc6 44. Rd4 Rc5 45. Re8+ Rf8 46. Re7
Rf7 47. Rd8+ Kg7 48. Ree8 Rb7 49. Rh8 Rc4 50. Rdf8 1-0

[Event "I Torneo internazionale A"]
[Site "Alghero ITA"]
[Date "2011.09.01"]
[Round "7"]
[White "De Jong, Jan-Willem"]
[Black "Sgnaolin, Davide"]
[Result "1-0"]
[WhiteElo "2424"]
[BlackElo "2248"]
[PlyCount "83"]
[EventDate "2011.08.26"]

1. d4 Nf6 2. c4 c5 3. d5 b5 4. Qc2 bxc4 5. e4 d6 6. Bxc4 g6 7. Nf3 Bg7 8. O-O
O-O 9. Re1 Ba6 10. Na3 Nfd7 11. Rb1 Nb6 12. b3 Bb7 13. Bb2 Bxb2 14. Qxb2 f6 15.
h4 N8d7 16. Qd2 Ne5 17. Nxe5 fxe5 18. h5 Nd7 19. hxg6 hxg6 20. Qh6 Rf6 21. Bb5
Qf8 22. Qxf8+ Nxf8 23. b4 cxb4 24. Rxb4 Rf4 25. Rc4 a6 26. Ba4 Rc8 27. f3 Rxc4
28. Nxc4 Bxd5 29. g3 Rxf3 30. exd5 Rxg3+ 31. Kf2 Rd3 32. Bc6 Rc3 33. Ne3 Kg7
34. a4 Ne6 35. dxe6 Rxc6 36. Nd5 Rc5 37. Rd1 Rc4 38. Ke3 Rxa4 39. Rf1 Ra3+ 40.
Kd2 e4 41. Rf7+ Kh6 42. Nxe7 1-0

[Event "I Torneo internazionale A"]
[Site "Alghero ITA"]
[Date "2011.09.01"]
[Round "7"]
[White "Ori, Marco"]
[Black "Muhren, Bianca"]
[Result "1/2-1/2"]
[WhiteElo "2130"]
[BlackElo "2307"]
[PlyCount "210"]
[EventDate "2011.08.26"]

1. e4 c5 2. Nf3 e6 3. d4 cxd4 4. Nxd4 Nc6 5. Nb5 d6 6. c4 a6 7. N5c3 Nf6 8. Be2
Be7 9. O-O b6 10. Be3 Ne5 11. Nd2 Bb7 12. f3 O-O 13. Qb3 Ned7 14. Rfd1 Qc7 15.
Rac1 Rac8 16. Na4 Nc5 17. Qc2 Rfe8 18. b4 Nxa4 19. Qxa4 Qb8 20. Bxb6 Bxe4 21.
Qxa6 Rc6 22. c5 dxc5 23. bxc5 Bxc5+ 24. Rxc5 Rxb6 25. Qa5 Bd5 26. Bb5 Rd8 27.
a4 Rbd6 28. Rdc1 h5 29. Qc7 Qa8 30. Qxd6 Rxd6 31. Rc8+ Rd8 32. Rxa8 Rxa8 33.
Kf2 Kf8 34. Ke3 e5 35. Ra1 Ra5 36. Nc4 Bxc4 37. Bxc4 Ke7 38. Kd3 g5 39. Kc3 g4
40. Kb4 Ra7 41. a5 Rb7+ 42. Kc5 Nd7+ 43. Kc6 Rb4 44. Kd5 Rb7 45. a6 Rc7 46. Bd3
Rc3 47. Bf5 Nb6+ 48. Kxe5 gxf3 49. gxf3 Rxf3 50. a7 Rf2 51. h3 f6+ 52. Ke4 Re2+
53. Kd3 Rf2 54. Ke4 Re2+ 55. Kf3 Rb2 56. a8=Q Nxa8 57. Rxa8 Rb3+ 58. Kf4 Rb4+
59. Kg3 Rb5 60. Kf4 Rb4+ 61. Be4 Rb5 62. Ra6 Kf7 63. Rc6 Ke7 64. Rc4 Ke6 65.
Rc6+ Ke7 66. Bf3 Rb4+ 67. Kg3 Rb5 68. Rc7+ Kf8 69. Rh7 Kg8 70. Rc7 Rb3 71. Kf4
Rb5 72. Rd7 Rg5 73. Bd5+ Kf8 74. Bc4 Rc5 75. Be2 Kg8 76. Bf3 Rg5 77. h4 Re5 78.
Bd5+ Kf8 79. Bb3 Ke8 80. Rh7 Kf8 81. Rf7+ Ke8 82. Rxf6 Rb5 83. Bc2 Ke7 84. Rh6
Kf7 85. Bf5 Kg8 86. Kg5 Rb7 87. Rxh5 Rg7+ 88. Kf6 Rf7+ 89. Ke6 Rg7 90. Be4 Ra7
91. Rg5+ Kh8 92. Bd5 Rc7 93. Kf6 Rg7 94. Re5 Rg6+ 95. Kf5 Rg7 96. h5 Rg1 97.
Be4 Rg7 98. Re8+ Rg8 99. Re6 Rf8+ 100. Kg5 Rg8+ 101. Bg6 Ra8 102. Re7 Ra5+ 103.
Bf5 Ra6 104. Be6 Ra5+ 105. Kh6 Rxh5+ 1/2-1/2

[Event "I Torneo internazionale A"]
[Site "Alghero ITA"]
[Date "2011.09.02"]
[Round "8"]
[White "Vocaturo, Daniele"]
[Black "Ulibin, Mikhail"]
[Result "1/2-1/2"]
[WhiteElo "2537"]
[BlackElo "2538"]
[PlyCount "62"]
[EventDate "2011.08.26"]

1. e4 e6 2. d4 d5 3. Nc3 Nf6 4. e5 Nfd7 5. f4 c5 6. Nf3 Nc6 7. Be3 Be7 8. Qd2
O-O 9. Be2 b6 10. Nd1 cxd4 11. Nxd4 Nxd4 12. Bxd4 Nb8 13. O-O Nc6 14. c3 Nxd4
15. cxd4 Bd7 16. Ne3 b5 17. Rf3 Qb6 18. Ng4 Rac8 19. Kh1 f5 20. exf6 Bxf6 21.
Nxf6+ Rxf6 22. g3 b4 23. Re3 Be8 24. a3 bxa3 25. Rexa3 Bg6 26. Ra6 Be4+ 27. Kg1
Rc2 28. Rxb6 Rxd2 29. Rb8+ Rf8 30. Rxf8+ Kxf8 31. Bg4 Rxb2 1/2-1/2

[Event "I Torneo internazionale A"]
[Site "Alghero ITA"]
[Date "2011.09.02"]
[Round "8"]
[White "Gleizerov, Evgeny"]
[Black "Avrukh, Boris"]
[Result "1/2-1/2"]
[WhiteElo "2590"]
[BlackElo "2600"]
[PlyCount "20"]
[EventDate "2011.08.26"]

1. Nf3 Nf6 2. g3 g6 3. Bg2 Bg7 4. O-O O-O 5. d4 d5 6. c4 c6 7. cxd5 cxd5 8. Nc3
Ne4 9. Bf4 Nc6 10. Ne5 Nxc3 1/2-1/2

[Event "I Torneo internazionale A"]
[Site "Alghero ITA"]
[Date "2011.09.02"]
[Round "8"]
[White "Brunello, Sabino"]
[Black "Kogan, Artur"]
[Result "1-0"]
[WhiteElo "2552"]
[BlackElo "2548"]
[PlyCount "113"]
[EventDate "2011.08.26"]

1. d4 d5 2. c4 c6 3. Nf3 Nf6 4. e3 Bf5 5. Nc3 e6 6. Nh4 Bg6 7. Be2 Nbd7 8. O-O
Bd6 9. g3 Qe7 10. c5 Bc7 11. b4 e5 12. f3 O-O 13. Nxg6 fxg6 14. a3 Rae8 15. f4
exf4 16. exf4 Qe6 17. Bf3 Rf7 18. Ra2 Qh3 19. Re2 Rxe2 20. Qxe2 Nf8 21. Re1 h5
22. Nd1 Qf5 23. Nf2 Bd8 24. Qb2 Bc7 25. Qe2 Bd8 26. Qb2 Bc7 27. Bd1 N6d7 28.
Qe2 Qf6 29. Bb2 Bd8 30. Nd3 Re7 31. Ne5 g5 32. Qxh5 gxf4 33. Rf1 g5 34. Bc2 Ne6
35. Ng4 Qh8 36. Nh6+ Kf8 37. Qg6 Qg7 38. Qxg7+ Rxg7 39. Re1 Nc7 40. Nf5 Rg8 41.
Nd6 b5 42. Bf5 Nb8 43. Kg2 fxg3 44. hxg3 Bf6 45. Kf3 Rh8 46. Kg4 a5 47. bxa5
Rh2 48. Bc1 Bxd4 49. Bxg5 Bxc5 50. Be7+ Kg8 51. Nc8 Bxe7 52. Rxe7 Nba6 53. Kg5
Rg2 54. g4 d4 55. Kg6 d3 56. Rg7+ Kf8 57. Rf7+ 1-0

[Event "I Torneo internazionale A"]
[Site "Alghero ITA"]
[Date "2011.09.02"]
[Round "8"]
[White "Paikidze, Nazi"]
[Black "Collutiis, Duilio"]
[Result "1/2-1/2"]
[WhiteElo "2416"]
[BlackElo "2468"]
[PlyCount "80"]
[EventDate "2011.08.26"]

1. d4 Nf6 2. c4 c5 3. d5 b5 4. cxb5 a6 5. b6 Qxb6 6. Nc3 d6 7. Nf3 g6 8. e4 Bg7
9. Be2 O-O 10. Nd2 Nbd7 11. Nc4 Qc7 12. Bf4 Nb6 13. Ne3 a5 14. a4 Ba6 15. O-O
Bxe2 16. Qxe2 Rab8 17. Rfc1 Qd7 18. b3 Ne8 19. Rab1 Bxc3 20. Rxc3 Nxa4 21. Rcc1
Nb6 22. Rxc5 dxc5 23. Bxb8 Nf6 24. Be5 Nxe4 25. Ng4 h5 26. Nh6+ Kh7 27. Qxe4
Kxh6 28. Qe3+ Kh7 29. Qxc5 Qf5 30. Re1 Nd7 31. Qxe7 Rc8 32. Ba1 Qxd5 33. Qe3
Nf8 34. Qf4 Re8 35. Rf1 Nd7 36. h3 g5 37. Qc1 Re2 38. Qc8 f6 39. Qa6 Re6 40.
Qa7 Kg6 1/2-1/2

[Event "I Torneo internazionale A"]
[Site "Alghero ITA"]
[Date "2011.09.02"]
[Round "8"]
[White "Rombaldoni, Axel"]
[Black "Rombaldoni, Denis"]
[Result "0-1"]
[WhiteElo "2459"]
[BlackElo "2495"]
[PlyCount "132"]
[EventDate "2011.08.26"]

1. e4 c6 2. c4 d5 3. exd5 cxd5 4. cxd5 Nf6 5. Nc3 Nxd5 6. Nf3 Nc6 7. Bb5 e6 8.
O-O Be7 9. Re1 O-O 10. d4 Qd6 11. Ne4 Qc7 12. a3 Rd8 13. Qc2 Ncb4 14. Qxc7 Nxc7
15. Ba4 Nbd5 16. Bd2 f6 17. Rac1 g5 18. h3 Rb8 19. Rc2 Kf7 20. Rec1 Bd7 21. Bb3
Bc6 22. Ba5 Rg8 23. Nc5 Ne8 24. Re1 Ng7 25. Ba2 Rge8 26. Bd2 Rbc8 27. b4 a6 28.
Bb3 h5 29. a4 Bxc5 30. dxc5 Nf5 31. g4 hxg4 32. hxg4 Nh4 33. Nxh4 gxh4 34. Kh2
Rcd8 35. g5 Rg8 36. Rg1 fxg5 37. Bxg5 Rde8 38. Rc4 Rh8 39. Bxh4 Reg8 40. Rxg8
Rxg8 41. Rd4 Nc3 42. Rf4+ Ke8 43. f3 Rg6 44. Rc4 Nd5 45. Re4 Kd7 46. Bg3 Ne7
47. Rd4+ Ke8 48. Rd3 Nf5 49. Bf4 Kf7 50. Bd1 Rg8 51. Be5 Rg5 52. f4 Rg2+ 53.
Kh3 Rg1 54. Bh5+ Ke7 55. Bd6+ Kf6 56. Be5+ Ke7 57. Bd4 Rh1+ 58. Kg4 Bxa4 59.
Kg5 Nxd4 60. Rxd4 Rg1+ 61. Bg4 Bc2 62. Kh4 Kf6 63. Bf3 Bf5 64. Rd6 Rc1 65. Bxb7
Rc4 66. c6 Rc3 0-1

[Event "I Torneo internazionale A"]
[Site "Alghero ITA"]
[Date "2011.09.02"]
[Round "8"]
[White "Braga, Fernando Alberto"]
[Black "De Jong, Jan-Willem"]
[Result "1-0"]
[WhiteElo "2447"]
[BlackElo "2424"]
[PlyCount "87"]
[EventDate "2011.08.26"]

1. Nf3 Nf6 2. c4 c6 3. e3 d5 4. d4 Bf5 5. Nc3 e6 6. Nh4 Be4 7. f3 Bg6 8. g3 Be7
9. Nxg6 hxg6 10. Qb3 Qc7 11. Bd2 Nbd7 12. cxd5 Nxd5 13. O-O-O a5 14. Nxd5 exd5
15. e4 a4 16. Qc2 dxe4 17. fxe4 a3 18. b3 O-O 19. e5 c5 20. e6 fxe6 21. Bc4 Rf6
22. Bg5 Nf8 23. Bxf6 Bxf6 24. Rhe1 Rd8 25. d5 b5 26. Bxb5 Rxd5 27. Bc4 Re5 28.
Re4 Kf7 29. Qd3 Qa5 30. Rxe5 Bxe5 31. Kc2 Bf6 32. Qf3 Qc7 33. Qe4 Qb8 34. Rd7+
Be7 35. Qf3+ Ke8 36. Rb7 Qe5 37. Bb5+ Kd8 38. Qc3 Qe4+ 39. Qd3+ Qd5 40. Qxd5+
exd5 41. Bc6 d4 42. Kd3 Bf6 43. Kc4 Ne6 44. Be4 1-0

[Event "I Torneo internazionale A"]
[Site "Alghero ITA"]
[Date "2011.09.02"]
[Round "8"]
[White "Piscopo, Pierluigi"]
[Black "Ori, Marco"]
[Result "1-0"]
[WhiteElo "2397"]
[BlackElo "2130"]
[PlyCount "56"]
[EventDate "2011.08.26"]

1. e4 c6 2. d4 d5 3. exd5 cxd5 4. c4 Nf6 5. Nc3 e6 6. Nf3 Bb4 7. cxd5 Nxd5 8.
Qc2 Nc6 9. Be2 Be7 10. O-O O-O 11. Rd1 Ncb4 12. Qe4 Nf6 13. Qh4 b6 14. a3 Nbd5
15. Bd3 Bb7 16. Bg5 g6 17. Nxd5 Bxd5 18. Ne5 Bb7 19. Ba6 Bd5 20. Ng4 Kg7 21.
Bh6+ Kg8 22. Bxf8 Kxf8 23. Nxf6 Bxf6 24. Qxh7 Qd6 25. Qh3 Kg7 26. Qg3 Qd7 27.
Rac1 Qa4 28. Bd3 Bxd4 1-0